[Event "Mauricie ch"]
[Site "Shawinigan"]
[Date "1976.04.04"]
[Round "5"]
[White "Gelinas, Renaud"]
[Black "Letourneau, Yves"]
[Result "1-0"]
[WhiteElo "1545"]
[BlackElo "1514"]
[PlyCount "79"]
[EventDate "1976.04.03"]
[EventType "swiss"]
[EventRounds "5"]
[EventCountry "CAN"]
[SourceTitle "EXT 2022"]
[Source "ChessBase"]
[SourceDate "2021.10.06"]
[SourceVersion "1"]
[SourceVersionDate "2021.10.06"]
[SourceQuality "1"]

1. e4 c5 2. Nf3 d6 3. d4 cxd4 4. Nxd4 Nf6 5. Nc3 a6 6. g3 e5 7. Nde2 Be7 8. Bg2 0-0 9. 0-0 Nbd7 10. Kh1 b5 11. a3 Bb7 12. h3 Nc5 13. f3 Re8 14. Kh2 Ne6 15. Be3 d5 16. Nxd5 Bxd5 17. exd5 Nxd5 18. Bd2 Qb6 19. Nc3 Red8 20. Nxd5 Rxd5 21. f4 Rd7 22. fxe5 Rad8 23. Qf3 Rxd2 24. Qxf7+ Kh8 25. Qxe7 Rxg2+ 26. Kxg2 Rd2+ 27. Kf3 Nd4+ 28. Kg4 Qg6+ 29. Qg5 Qe6+ 30. Kh4 h6 31. Qxd2 g5+ 32. Kh5 Kg7 33. Qxd4 Qxh3+ 34. Qh4 gxh4 35. gxh4 Qe6 36. Rae1 Qe8+ 37. Kg4 h5+ 38. Kh3 Qc8+ 39. e6 Qxc2 40. Rf3 1-0